| 000 | 00546nam a2200169Ia 4500 | ||
|---|---|---|---|
| 008 | 230925s9999||||xx |||||||||||||| ||und|| | ||
| 082 | _a621.3 HAS | ||
| 100 |
_aAbdul Haseeb Tariq (329829) _9118277 |
||
| 245 | 0 | _aPerformance Assessment of Fuel Cell-based Hybrid Energy Systems for Green Hydrogen Production and Heat Recovery / | |
| 260 |
_bUSPCAS-E, NUST,Islamabad : _c2023 |
||
| 300 | _ax, 84 p. | ||
| 520 | _aTH-497 | ||
| 650 |
_vMS Thesis _918721 |
||
| 650 | _vMS-EEP Thesis | ||
| 700 |
_aDr. Mustafa Anwar _9117892 |
||
| 942 |
_cTHE _2ddc |
||
| 999 |
_c603244 _d603244 |
||